| 000 | 01100cam a2200337 i 4500 | ||
|---|---|---|---|
| 001 | 200441250 | ||
| 999 |
_c200441250 _d59462 |
||
| 003 | TR-AnTOB | ||
| 005 | 20240824073708.0 | ||
| 007 | ta | ||
| 008 | 850919s1984 fr b i000 0 eng | ||
| 010 | _a85103249 | ||
| 020 | _a9264126244 (pbk.) | ||
| 040 |
_aDLC _beng _erda _cDLC _dUtOrBLW _dTR-AnTOB |
||
| 041 | 0 | _aeng | |
| 050 | 0 | 0 | _aK1362 |
| 050 | 0 | 0 |
_aK1362 _b.M47 1984 |
| 090 |
_aK1362 _b.M47 1984 |
||
| 245 | 0 | 0 | _aMerger policies and recent trends in mergers. |
| 264 | 1 |
_aParis : _bOrganisation for Economic Co-operation and Development, _c1984. |
|
| 264 | 2 |
_aWashington, D.C. : _bOECD Publications and Information Center [distributor], _c1984. |
|
| 300 |
_a121 pages ; _c23 cm |
||
| 336 |
_atext _btxt _2rdacontent |
||
| 337 |
_aunmediated _bn _2rdamedia |
||
| 338 |
_avolume _bnc _2rdacarrier |
||
| 504 | _aBIB | ||
| 650 | 0 |
_aConsolidation and merger of corporations _xLaw and legislation _920233 |
|
| 710 | 2 |
_aOrganisation for Economic Co-operation and Development _933753 |
|
| 942 |
_2lcc _cBK |
||